| 000 | 00396nam a22001097a 4500 | ||
|---|---|---|---|
| 082 | _a621.384 REY'M | ||
| 100 |
_aREYNER, J. H _941552 |
||
| 245 | _aMODERN RADIO COMMUNICATION:A MANUAL OF MODERN THEORY AND PRACTICE COVERING THE SYLLABUS OF THE CITY AND GUILDS EXAMINATIONS AND SUITABLE FOR CANDIDATES FOR THE PMG CERTIFICATE | ||
| 260 |
_aLONDON _bSIR ISAAC _c1944 |
||
| 300 | _aVOL-1 | ||
| 942 | _cBK | ||
| 999 |
_c579353 _d579353 |
||